000 01414nam0a2200325 4500
001 RU\NLR\bibl\883973
005 20260405091853.0
010 _a5-288-02780-3
_9300
035 _a(NLR Aleph) 000872524
090 _a1608453
_c1608453
100 _a20051205d2003 |||y0rusy50 ca
101 0 _arus
102 _aRU
105 _aa |||||||||
200 1 _aПетрофизика
_eучебное пособие
_fВ.А. Комаров, С.Л. Жоголев
_gС.-Петерб. гос. ун-т
210 _aСанкт-Петербург
_cИзд-во С.-Петербургского университета
_d2003
215 _a129, [1] с.
_cил.
_d20
320 _aБиблиогр.: с. 128
606 1 _aПетрофизика
_jРуководства, пособия и т.п.
_92080366
_3RU\NLR\auth\661256288
606 1 _aПетрофизика
_jУчебные издания для высших учебных заведений
_92080366
_3RU\NLR\auth\661256288
686 _aД340.44я73
700 1 _4070
_8rus
_7ca
_aКомаров
_bВ. А.
_cд-р геол.-мин. наук
_gВладимир Александрович
_3RU\NLR\auth\7733134
_916142
701 1 _aЖоголев
_bС. Л.
_gСергей Львович
_4070
801 0 _aRU
_bNLR
_c20051205
_grcr
801 1 _aRU
_bNLR
_c20051205
830 _aАвт. по кн.
942 _cBOOK
980 _aNB